CB Richard Ellis tops London league (Record no. 117613)
[ view plain ]
| 000 -LEADER | |
|---|---|
| fixed length control field | 00912cam a2200205 4500 |
| 001 - CONTROL NUMBER | |
| control field | WB4025-06 |
| 008 - FIXED-LENGTH DATA ELEMENTS--GENERAL INFORMATION | |
| fixed length control field | 040630n2004 000 0 eng u |
| 035 ## - SYSTEM CONTROL NUMBER | |
| System control number | (Sirsi) u126636 |
| 245 ## - TITLE STATEMENT | |
| Title | CB Richard Ellis tops London league |
| 260 ## - PUBLICATION, DISTRIBUTION, ETC. | |
| Date of publication, distribution, etc. | 2004 |
| 490 ## - SERIES STATEMENT | |
| Series statement | Estates Gazette |
| Volume/sequential designation | (0426) 26 June 2004, 38(1) |
| 520 ## - SUMMARY, ETC. | |
| Summary, etc. | CB Richard Ellis has regained its position as the most successful letting agent in central London. According to EGi London Office Database, the firm disposed of just over one million sq ft in the past three months. However, almost half of this was in a single deal. The agents in second and third place, Jones Lang LaSalle and Cushman and Wakefield Healey and Baker, both recorded massive jumps in disposals. |
| 590 ## - LOCAL NOTE (RLIN) | |
| Local note | WB |
| 590 ## - LOCAL NOTE (RLIN) | |
| Local note | WB |
| 650 ## - SUBJECT ADDED ENTRY--TOPICAL TERM | |
| Topical term or geographic name entry element | LETTING AGENTS |
| 650 ## - SUBJECT ADDED ENTRY--TOPICAL TERM | |
| Topical term or geographic name entry element | CENTRAL LONDON |
| 650 ## - SUBJECT ADDED ENTRY--TOPICAL TERM | |
| Topical term or geographic name entry element | OFFICE MARKET |
| 690 ## - LOCAL SUBJECT ADDED ENTRY--TOPICAL TERM (OCLC, RLIN) | |
| Topical term or geographic name as entry element | COMMERCIAL PROPERTY |
| 9 (RLIN) | 6227 |
| 942 ## - ADDED ENTRY ELEMENTS (KOHA) | |
| Suppress in OPAC | 0 |
| Withdrawn status | Lost status | Source of classification or shelving scheme | Damaged status | Not for loan | Home library | Current library | Shelving location | Date acquired | Total Checkouts | Full call number | Barcode | Date last seen | Copy number | Price effective from | Koha item type |
|---|---|---|---|---|---|---|---|---|---|---|---|---|---|---|---|
| Dewey Decimal Classification | London | London | News article | 30/06/2004 | WB-4025-06 | 126636-1001 | 06/08/2019 | 1 | 06/08/2019 | News article |